| 000 | 01094nam a2200301 i 4500 | ||
|---|---|---|---|
| 001 | bg | ||
| 100 | 1 | _aWESOŁOWSKA, Aneta | |
| 245 | 1 | 0 |
_aOdpowiedzi na pytania egzaminacyjne dla kandydatów na doradców podatkowych : _bpytania otwarte. _nT. 2, _pDział III rozdz. 1 / _cAneta Wesołowska, Anna Welsyng-Zielony, Renata Zielonka ; Forum Doradców Podatkowych. |
| 260 |
_aKraków : _bFDP, _c2004. |
||
| 300 |
_a68 s. ; _c30 cm. |
||
| 650 | 9 |
_aDoradztwo podatkowe _zPolska _ystan na 2004 r. |
|
| 650 | 9 | _aEgzaminy zawodowe | |
| 650 | 9 |
_aPodatek _xprawo _zPolska _ystan na 2004 r. |
|
| 655 | _aĆwiczenia i zadania | ||
| 700 | 1 | _aWELSYNG-ZIELONY, Anna | |
| 700 | 1 | _aZIELONKA, Renata | |
| 710 | 0 | _aForum Doradców Podatkowych | |
| 020 | _a8389359308 | ||
| 020 | _a8389359227 (t.2) | ||
| 040 | _cBPK | ||
| 041 | 0 | _apol | |
| 080 | _a336.221.24(438)(079) | ||
| 920 | _a83-89359-30-8 | ||
| 920 | _a83-89359-22-7 (t.2) | ||
| 942 | _cKA | ||
| 008 | s pl f |000 0 pol | ||
| 999 |
_c35106 _d35106 |
||
| 856 |
_uhttp://koha.tu.koszalin.pl/cgi-bin/koha/opac-detail.pl?biblionumber=35106 _yKatalog online BPK |
||